000 00288 a2200121 4500
001 147001
040 _cEscola São Tomás de Aquino
100 _aHERRERO, Carlos Edgard
240 1 0 _aO pequeno monstro
_lpor
245 1 0 _aO pequeno monstro
697 _a*LITERATURA INFANTO
942 _cBK
999 _c147001
_d147001